000 00534njm a2200193 i 4500
001 C2-0307161
003 PPAK
005 20180729163358.0
008 110110s2000 xxu|||| ||||| | eng d
040 _aPPAK
_beng
_cPPAK
_erda
245 0 4 _aThe Edgar Allan Poe audio collection
264 1 _aUnited States :
_bHarper Audio ,
_c2000
336 _2rdacontent
_atext
337 _2rdamedia
_aunmediated
338 _2rdacarrier
_avolume
650 1 0 _aAuthors, American 19th century - Biography
700 _eauthor
942 _ddc
_cB
999 _c163874
_d163874